00223nam a22000977a 4500082002400000100001200024245003500036260000900071526003700080650000800117 a510bSPIcL-2, P-75 aSpiegei aMathematical HandbookcSpiegei c1968 a0b0c0d510_000000000000000_SPI aMCE